Grant's Atlas of Anatomy. (Record no. 294)
[ view plain ]
| 000 -LEADER | |
|---|---|
| fixed length control field | 01116cam a22003134a 4500 |
| 001 - CONTROL NUMBER | |
| control field | 2630449 |
| 003 - CONTROL NUMBER IDENTIFIER | |
| control field | OSt |
| 005 - DATE AND TIME OF LATEST TRANSACTION | |
| control field | 20210225105003.0 |
| 008 - FIXED-LENGTH DATA ELEMENTS--GENERAL INFORMATION | |
| fixed length control field | 990316s1999 paua b 001 0 eng c |
| 010 ## - LIBRARY OF CONGRESS CONTROL NUMBER | |
| LC control number | 99025481 |
| 020 ## - INTERNATIONAL STANDARD BOOK NUMBER | |
| International Standard Book Number | 0683302647 (pbk.) |
| 035 ## - SYSTEM CONTROL NUMBER | |
| System control number | (DLC) 99025481 |
| 040 ## - CATALOGING SOURCE | |
| Original cataloging agency | DNLM/DLC |
| Transcribing agency | DLC |
| Modifying agency | DLC |
| 042 ## - AUTHENTICATION CODE | |
| Authentication code | pcc |
| 050 00 - LIBRARY OF CONGRESS CALL NUMBER | |
| Classification number | QM25 |
| Item number | .A38 1999 |
| 060 10 - NATIONAL LIBRARY OF MEDICINE CALL NUMBER | |
| Classification number | QS 17 |
| Item number | A284g 1999 |
| 082 00 - DEWEY DECIMAL CLASSIFICATION NUMBER | |
| Classification number | QS 17 A96g 1999 |
| Edition number | 21 |
| 100 1# - MAIN ENTRY--PERSONAL NAME | |
| Personal name | Agur, A. M. R.; Lee, Ming J.; Grant, J. C. Boileau |
| 9 (RLIN) | 782 |
| 245 10 - TITLE STATEMENT | |
| Title | Grant's Atlas of Anatomy. |
| 250 ## - EDITION STATEMENT | |
| Edition statement | 10th ed. |
| 260 ## - PUBLICATION, DISTRIBUTION, ETC. (IMPRINT) | |
| Place of publication, distribution, etc. | Philadelphia : |
| Name of publisher, distributor, etc. | Lippincott Williams & Wilkins, |
| Date of publication, distribution, etc. | c1999. |
| 300 ## - PHYSICAL DESCRIPTION | |
| Extent | xvi, 760 p. : |
| Other physical details | col. ill. ; |
| Dimensions | 28 cm. |
| 504 ## - BIBLIOGRAPHY, ETC. NOTE | |
| Bibliography, etc | Includes bibliographical references and index. |
| 650 #0 - SUBJECT ADDED ENTRY--TOPICAL TERM | |
| Topical term or geographic name as entry element | Anatomy atlas |
| 9 (RLIN) | 151 |
| 906 ## - LOCAL DATA ELEMENT F, LDF (RLIN) | |
| a | 7 |
| b | cbc |
| c | pccadap |
| d | 1 |
| e | ocip |
| f | 19 |
| g | y-gencatlg |
| 942 ## - ADDED ENTRY ELEMENTS (KOHA) | |
| Source of classification or shelving scheme | Other/Generic Classification Scheme |
| Koha item type | Book Bank |
| Withdrawn status | Lost status | Source of classification or shelving scheme | Damaged status | Not for loan | Home library | Current library | Date acquired | Source of acquisition | Inventory number | Total Checkouts | Full call number | Barcode | Date last seen | Koha item type | Date last checked out |
|---|---|---|---|---|---|---|---|---|---|---|---|---|---|---|---|
| Other/Generic Classification Scheme | MUST Main Library | MUST Main Library | 29/07/2014 | Purchase | 13/36998 | QS17 A96g 1999 | 2014-1568 | 29/07/2014 | Book Bank | ||||||
| Other/Generic Classification Scheme | MUST Main Library | MUST Main Library | 29/07/2014 | Purchase | 13/37000 | QS17 A96g 1999 | 2014-1569 | 29/07/2014 | Book Bank | ||||||
| Other/Generic Classification Scheme | MUST Main Library | MUST Main Library | 29/07/2014 | Purchase | 13/36999 | QS17 A96g 1999 | 2014-1570 | 29/07/2014 | Book Bank | ||||||
| Other/Generic Classification Scheme | MUST Main Library | MUST Main Library | 29/07/2014 | Purchase | 12/36352 | 1 | QS17 A96g 1999 | 2014-1571 | 26/11/2019 | Book Bank | 30/08/2019 | ||||
| Other/Generic Classification Scheme | MUST Main Library | MUST Main Library | 29/07/2014 | Purchase | 12/36351 | QS17 A96g 1999 | 2014-1572 | 29/07/2014 | Book Bank |
